000 01818cam a2200481 a 4500
001 4995027
003 PILC
005 20160118140210.0
008 990408s1999 nyua c 000 1 eng
010 _a 99023982
020 _a0439136350 (hc)
020 _a0439136369 (pb)
040 _aDLC
_cDLC
_dWaU
_dDLC
042 _alcac
050 0 0 _aPZ 7
_b.R797Ham 1999
100 1 _aRowling, J. K.
245 1 0 _aHarry potter and the prisoner of azkaban
_cJ.K. Rowling.
260 _aNew York :
_bArthur A. Levine Books,
_c1999.
300 _a435 p. :
_bill. ;
_c20 cm.
500 _a"Year 3"--Spine.
500 _aSequel to: Harry Potter and the Chamber of Secrets.
500 _aSequel: Harry Potter and the goblet of fire.
520 _aDuring his third year at Hogwarts School for Witchcraft and Wizardry, Harry Potter must confront the devious and dangerous wizard responsible for his parents' deaths.
546 _aC0917
650 0 _aPotter, Harry (Fictitious character)
_vJuvenile fiction.
650 0 _aGranger, Hermione (Fictitious character)
_vJuvenile fiction.
650 0 _aWeasley, Ron (Fictitious character)
_vJuvenile fiction.
650 0 _aHogwarts School of Witchcraft and Wizardry (Imaginary organization)
_vJuvenile fiction.
650 0 _aWizards
_vJuvenile fiction.
650 0 _aMagic
_vJuvenile fiction.
650 0 _aSchools
_vJuvenile fiction.
650 1 _aWizards
_vFiction.
650 1 _aMagic
_vFiction.
650 1 _aSchools
_vFiction.
651 0 _aEngland
_vJuvenile fiction.
651 1 _aEngland
_vFiction.
906 _a7
_bcbc
_corignew
_d1
_eocip
_f19
_gy-gencatlg
942 _2lcc
_cBK
999 _c11363
_d11363